{"text_format":"3","workbook":"xls","n_sheets":1,"sheets":["Schedule 1"],"not_rendered":{"external_links":1,"defined_names":1},"read":"whole","date_system":"1900","formulas":"cached_only"}

{"sheet":"Schedule 1","index":0,"n_rows":1167,"n_cols":8,"rows_kept":1167,"merged":[[2,6,2,7],[51,6,51,7],[104,6,104,7],[166,6,166,7],[232,6,232,7],[300,6,300,7],[366,6,366,7],[429,6,429,7],[498,6,498,7],[561,6,561,7],[626,6,626,7],[692,6,692,7],[757,6,757,7],[819,6,819,7],[883,6,883,7],[958,6,958,7],[960,2,962,2],[964,2,966,2],[968,2,970,2],[976,2,977,2],[983,2,984,2],[986,2,987,2],[991,2,992,2],[994,2,996,2],[998,2,999,2],[1001,2,1002,2],[1033,6,1033,7],[1035,2,1036,2],[1042,2,1043,2],[1047,2,1048,2],[1052,2,1054,2],[1056,2,1057,2],[1059,2,1060,2],[1065,2,1067,2],[1069,2,1071,2],[1073,2,1074,2],[1076,2,1078,2],[1140,2,1142,2]],"flags":["formulas_cached_only"]}
["C_Qty_001=H","WINNIE MADIKIZELA MADELA MUNICIPALITY                                                            MIBIZLM 0055CON"]
[null,"UPGRADING TO GRAVELL OF 5.0KM OF SIXHENXENI ACCESS ROAD"]
[{"$nulls":6},"SECTION 1300"]
[null,"ITEM","DESCRIPTION",null,"UNIT","SCHED\nQTY","RATE","\nAMOUNT"]
[199,"13.00","CONTRACTOR'S ESTABLISHMENT \nON SITE AND GENERAL \nOBLIGATIONS"]
[]
[200,"13.01","Contractor's general obligations"]
[]
[201,null,"(a) Fixed obligations",null,"L/Sum",{"v":1,"d":" 1"}]
[]
[202,null,"(c) Time-related obligations",null,"Month",{"v":6,"d":" 6"}]
[]
[203,"B13.02","Community Liaison Officer",null,"Prov Sum",{"v":1,"d":" 1"},30000,30000]
[]
[204,null,"(a) Handling costs and profit in respect of item B13.02 above, not to exceed 10% of item B13.02",null,"%",{"v":30000,"d":"30 000"}]
[]
[205,"B13.03","Construction Board (as per attached drawing)"]
[]
[206,null,"Rate is to include for all materials, labour and plant for the production and erection of the boards as indicated ",null,"P C Sum",{"v":1,"d":" 1"},10000,10000]
[]
[207,"B13.04","Handling costs and profit in respect of item B13.03 above, not to exceed 10% of item B13.03",null,"%",{"v":10000,"d":"10 000"}]
[]
[208,null,"SITE SAFTEY"]
[]
[209,"B13.05","Contractors general obligations in terms of Part 3 Section C 3.3.1 of the particular specifications"]
[]
[210,null,"(a) Fixed obligations"]
[]
[211,null,"(i) Preparation of risk assessments, safe work procedures, the project health and safety file, the health and safety plan and any other health and safety matters the contractor deems necessary, including handing over records to the Employer.",null,"L/Sum",{"v":1,"d":" 1"}]
[]
[212,null,"(i) Updating and amending the risk assessments, safe work procedures, project health and safety plan, and compliance with relevant legislation. This should the include site visit and monthly site audit by proffessional  environment representative.",null,"Month",{"v":6,"d":" 6"}]
[213,"B13.06","Supply protective clothing for site staff"]
[]
[214,null,"(a) Safety boots",null,"P C Sum",{"v":1,"d":" 1"},3000,3000]
[]
[215,null,"(b) Safety vests",null,"P C Sum",{"v":1,"d":" 1"},1000,1000]
[]
[216,null,"(c) Gloves for concrete workers",null,"P C Sum",{"v":1,"d":" 1"},1000,1000]
[]
[217,null,"(d) Overalls",null,"P C Sum",{"v":1,"d":" 1"},3000,3000]
[]
[221,"B13.09","OHS Agent",null,"P C Sum",{"v":1,"d":" 1"},40000,40000]
[]
[222,null,"(a) Handling costs and profit in respect of item B13.09 above, not to exceed 10% of item B13.09",null,"%",{"v":40000,"d":"40 000"}]
[]
[]
[]
[null," Total Carried Forward To Summary"]
[null,"Tenderer's Initials........................................................"]
[null,"WINNIE MADIKIZELA MADELA MUNICIPALITY                                                            MIBIZLM 0055CON"]
[null,"UPGRADING TO GRAVELL OF 5.0KM OF SIXHENXENI ACCESS ROAD"]
[{"$nulls":6},"SECTION 1400"]
[null,"ITEM","DESCRIPTION",null,"UNIT","SCHED\nQTY","RATE","\nAMOUNT"]
[223,"14.00","HOUSING, OFFICES AND LABORA- TORY FOR THE ENGINEER'S SITE PERSONNEL"]
[]
[224,"14.01","Office and laboratory accommodation:"]
[]
[225,null,"(a) Office",null,"Month",{"v":6,"d":" 6"},5000,30000]
[]
[226,null,"(c) Ablution unit",null,"Month",{"v":6,"d":" 6"},2000,12000]
[]
[227,"14.02","Office and laboratory furniture:"]
[]
[228,null,"(a) Chairs",null,"No.",{"v":5,"d":" 5"},150,750]
[]
[229,null,"(d) Desks",null,"No.",{"v":2,"d":" 2"},2000,4000]
[]
[230,"14.03","Office and laboratory fittings Installations and equipment"]
[]
[231,null,"(b) Prime-cost items and items paid for        in a lump sum:"]
[]
[232,null,"(i) The provision of internet                       services,including the cost        connection with contract                           administration and  rental.",null,"P C Sum",{"v":1,"d":" 1"},3000,3000]
[]
[233,null,"(ii) Handling costs and profit in respect         of subitem 14.03 (b) (i) above.",null,"%",{"v":3000,"d":"3 000"},{"v":0.1,"d":"0.10"},300]
[]
[234,"14.08","Services:"]
[]
[235,null,"(a) Service at office and laboratories"]
[]
[237," ","(2) Running costs",null,"Month",{"v":6,"d":" 6"},8000,48000]
[]
[238,"14.10","Provision of photostat facilities ",null,"Month",{"v":6,"d":" 6"},3500,21000]
[]
[239,"B14.11","Site Acceptance Testing under item 34 and item 34 respectively ",null,"Prov Sum",{"v":1,"d":" 1"},50000,50000]
[]
[240,null,"(a) Handling costs and profit in respect of item B14.11 above, not to exceed 10% of item B14.11",null,"%",{"v":20000,"d":"20 000"},{"v":0.1,"d":"0.10"},2000]
[]
[241,"B14.12","Student Technician",{"$nulls":4},0]
[]
[242,null,"(a) Student Civil Engineering Technician",null,"Prov Sum",{"v":6,"d":" 6"},5000,30000]
[]
[243,null,"(b) Handling Cost & Profit in Respect of Sub Item B14.12 (a) above,not to exceed 10% of Sub Item B14.12 (a)",null,"%",{"v":20000,"d":"20 000"},{"v":0.1,"d":"0.10"},2000]
[]
[349,"B14.13 ","Site by Engineers"]
[]
[350,null,"(a) Civil Technicial ",null,"Month",{"v":6,"d":" 6"},60000,360000]
[]
[351,null,"(b) Handling Cost & Profit in Respect of Sub Item B14.12 (a) above,not to exceed 10% of Sub Item B14.13 (a)",null,"%",{"v":360000,"d":"360 000"},{"v":0.1,"d":"0.10"},36000]
[]
[]
[null," Total Carried Forward To Summary",{"$nulls":5},599050]
[null,"Tenderer's Initials........................................................"]
[null,"WINNIE MADIKIZELA MADELA MUNICIPALITY                                                            MIBIZLM 0055CON"]
[null,"UPGRADING TO GRAVELL OF 5.0KM OF SIXHENXENI ACCESS ROAD"]
[{"$nulls":6},"SECTION 1500"]
[null,"ITEM","DESCRIPTION",null,"UNIT","SCHED\nQTY","RATE","\nAMOUNT"]
[244,"15.00","ACCOMODATION OF TRAFFIC"]
[]
[245,"15.03","Temporary traffic-control facilities"]
[]
[246,null,"(a) Flagmen",null,"man-day",{"v":150,"d":" 150"}]
[]
[247,null,"(a.2) Stop-Go Operators",null,"man-day",{"v":150,"d":" 150"}]
[]
[248," ","(b) Portable STOP and GO-RY signs",null,"No",{"v":2,"d":" 2"}]
[]
[249," ","(e) Road signs, TR-series 1200 mm             diameter.",null,"No",{"v":8,"d":" 8"}]
[]
[250," ","(f) Road signs, TW-series 1524mm             sides, with TIN11.3, as per drawing.",null,"No",{"v":8,"d":" 8"}]
[]
[251," ","(h) Delineators (DTG50J) 800 x 200mm :"]
[]
[252," ","(1) Single",null,"No",{"v":20,"d":" 20"}]
[]
[253," ","(2) Mounted back to back",null,"No",{"v":20,"d":" 20"}]
[]
[255,"15.06","Watering of temporary deviations",null,"kl",{"v":2003,"d":"2 003"}]
{"$rows_empty":35}
[null," Total Carried Forward To Summary"]
[null,"Tenderer's Initials........................................................"]
[null,"WINNIE MADIKIZELA MADELA MUNICIPALITY                                                            MIBIZLM 0055CON"]
[null,"UPGRADING TO GRAVELL OF 5.0KM OF SIXHENXENI ACCESS ROAD"]
[{"$nulls":6},"SECTION 1600"]
[null,"ITEM","DESCRIPTION",null,"UNIT","SCHED\nQTY","RATE","\nAMOUNT"]
[256,"16.00","OVERHAUL"]
[]
[257,"16.02","Overhaul on material hauled in excess of 1,0km",null,"m³km",{"v":13600,"d":"13 600"}]
{"$rows_empty":57}
[null," Total Carried Forward To Summary"]
[null,"Tenderer's Initials........................................................"]
[null,"WINNIE MADIKIZELA MADELA MUNICIPALITY                                                            MIBIZLM 0055CON"]
[null,"UPGRADING TO GRAVELL OF 5.0KM OF SIXHENXENI ACCESS ROAD"]
[{"$nulls":6},"SECTION 1700"]
[null,"ITEM","DESCRIPTION",null,"UNIT","SCHED\nQTY","RATE","\nAMOUNT"]
[258,"17.00","CLEARING AND GRUBBING"]
[]
[259,"17.01","Clearing and grubbing",null,"ha",{"v":4,"d":" 4"}]
{"$rows_empty":59}
[null," Total Carried Forward To Summary"]
[null,"Tenderer's Initials........................................................"]
[null,"WINNIE MADIKIZELA MADELA MUNICIPALITY                                                            MIBIZLM 0055CON"]
[null,"UPGRADING TO GRAVELL OF 5.0KM OF SIXHENXENI ACCESS ROAD"]
[{"$nulls":6},"SECTION 2100"]
[null,"ITEM","DESCRIPTION",null,"UNIT","SCHED\nQTY","RATE","\nAMOUNT"]
[260,"21.00","DRAINS"]
[]
[261,"21.01","Excavation for open drains:"]
[]
[262,null,"(a) Excavating soft material situated within the following depth ranges below the surface level:"]
[]
[263,null,"(1) 0 m up to 1,5 m",null,"m³",{"v":4194,"d":"4 194"}]
{"$rows_empty":53}
[null," Total Carried Forward To Summary"]
[null,"Tenderer's Initials........................................................"]
[null,"WINNIE MADIKIZELA MADELA MUNICIPALITY                                                            MIBIZLM 0055CON"]
[null,"UPGRADING TO GRAVELL OF 5.0KM OF SIXHENXENI ACCESS ROAD"]
[{"$nulls":6},"SECTION 2200"]
[null,"ITEM","DESCRIPTION",null,"UNIT","SCHED\nQTY","RATE","\nAMOUNT"]
[264,"22.00","PREFABRICATED CULVERTS"]
[]
[265,"22.01","Excavation"]
[]
[266,null,"(a) Excavating soft material situated within the following depth ranges below the surface level:"]
[]
[267,null,"(1) 0 m up to 1.5 m",null,"m³",{"v":360,"d":" 360"}]
[]
[268,null,"(b) Extra over subitem 22.01(a) for excavation in hard material, irrespective of depth",null,"m³",{"v":30,"d":" 30"}]
[]
[269,"22.02","Backfilling:"]
[]
[270,null,"(a) Using the excavated material",null,"m³",{"v":360,"d":" 360"}]
[]
[271,null,"(b) Using imported selected material",null,"m³",{"v":30,"d":" 30"}]
[]
[272,"22.03","Concrete pipe culverts:"]
[]
[273,null,"(c) On class C bedding"]
[]
[274,null,"(2) 600mm dia. Type Ogee class 100D",null,"m",240]
[]
[275,null,"(3) 900mm dia. Type Ogee class 100D",null,"m",{"v":16,"d":" 16"}]
[]
[276,"22.17","Manholes, catchpits, precast inlet and outlet structures complete"]
[]
[277,null,"(b) Catchpits",null,"No",{"v":7,"d":" 7"}]
[]
[278,null,"(f) Headwalls"]
[]
[279,null,"(1) Construct to std detail (600mm dia)",null,"No.",{"v":7,"d":" 7"}]
[]
[280,null,"(2) Construct to std detail (900mm dia)",null,"No",{"v":6,"d":" 6"}]
{"$rows_empty":24}
[null," Total Carried Forward To Summary"]
[null,"Tenderer's Initials........................................................"]
[null,"WINNIE MADIKIZELA MADELA MUNICIPALITY                                                            MIBIZLM 0055CON"]
[null,"UPGRADING TO GRAVELL OF 5.0KM OF SIXHENXENI ACCESS ROAD"]
[{"$nulls":6},"SECTION 3100"]
[null,"ITEM","DESCRIPTION",null,"UNIT","SCHED\nQTY","RATE","\nAMOUNT"]
[282,"31.00","BORROW MATERIALS"]
[]
[284,"31.01","Excess overburden",null,"m³",{"v":450,"d":" 450"}]
[]
[330,"31.03","Finishing-off borrow areas in:"]
[]
[331,null,"(c) Soft material",null,"ha",0.5]
[]
[332]
{"$rows_empty":54}
[null," Total Carried Forward To Summary"]
[null,"Tenderer's Initials........................................................"]
[null,"WINNIE MADIKIZELA MADELA MUNICIPALITY                                                            MIBIZLM 0055CON"]
[null,"UPGRADING TO GRAVELL OF 5.0KM OF SIXHENXENI ACCESS ROAD"]
[{"$nulls":6},"SECTION 3300"]
[null,"ITEM","DESCRIPTION",null,"UNIT","SCHED\nQTY","RATE","\nAMOUNT"]
[285,"33.00","MASS EARTHWORKS"]
[]
[286,"33.01","Cut and borrow to fill, including free-haul up to 1.0km"]
[]
[287,null,"(a) Gravel material in compacted layer thickness of 200 mm and less:"]
[]
[288,null,"(1) Compacted to 90% of modified AASHTO density",null,"m³",5500]
[]
[289,"33.10","Roadbed preparation and the compaction of material"]
[]
[290,null,"(b) Compaction to 93% of modified AASHTO density",null,"m³",5000]
[]
[null,null,"(c ) Roadbed preparation by roackfill",null,"m³",400]
{"$rows_empty":44}
[null," Total Carried Forward To Summary"]
[null,"Tenderer's Initials........................................................"]
[null,"WINNIE MADIKIZELA MADELA MUNICIPALITY                                                            MIBIZLM 0055CON"]
[null,"UPGRADING TO GRAVELL OF 5.0KM OF SIXHENXENI ACCESS ROAD"]
[{"$nulls":6},"SECTION 3400"]
[null,"ITEM","DESCRIPTION",null,"UNIT","SCHED\nQTY","RATE","\nAMOUNT"]
[291,"34.00","PAVEMENT LAYERS OF GRAVEL MATERIAL"]
[]
[292,"34.01","Pavement layers constructed from gravel taken from cut or borrow"]
[]
[293,null,"(h) Gravel wearing course compacted to:"]
[]
[294,null,"(2) 95% of modified AASHTO density\n150 mm thick",null,"m³",4950]
{"$rows_empty":52}
[null," Total Carried Forward To Summary"]
[null,"Tenderer's Initials........................................................"]
[null,"WINNIE MADIKIZELA MADELA MUNICIPALITY                                                            MIBIZLM 0055CON"]
[null,"UPGRADING TO GRAVELL OF 5.0KM OF SIXHENXENI ACCESS ROAD"]
[{"$nulls":6},"SECTION 5200"]
[null,"ITEM","DESCRIPTION",null,"UNIT","SCHED\nQTY","RATE","\nAMOUNT"]
[297,"52.00","GABIONS"]
[]
[298,"52.01","Foundation trench excavation and backfilling:"]
[]
[299,null,"(b) In all other classes of materials",null,"m³",20]
[]
[300,"52.02","Surface preparation for bedding the gabions",null,"m²",24]
[]
[301,"52.03","Gabions:"]
[]
[302,null,"(c) Galvanized gabion mattresses"]
[]
[303,null,"(1) 1,0 m diaphragm spacing, 6,0 m long by 2,0 m wide",null,"m³",88]
[]
[304,"52.05","Filter fabric"]
[]
[305,null,"(a) Bidim A4 or similiar",null,"m²",65]
{"$rows_empty":43}
[null," Total Carried Forward To Summary"]
[null,"Tenderer's Initials........................................................"]
[null,"WINNIE MADIKIZELA MADELA MUNICIPALITY                                                            MIBIZLM 0055CON"]
[null,"UPGRADING TO GRAVELL OF 5.0KM OF SIXHENXENI ACCESS ROAD"]
[{"$nulls":6},"SECTION 5400"]
[null,"ITEM","DESCRIPTION",null,"UNIT","SCHED\nQTY","RATE","\nAMOUNT"]
[333,null,"SECTION 5400"]
[]
[338,"54.00","GUARDRAILS"]
[]
[339,"54.01","Guardrails on timber posts:"]
[]
[340,null,"(a) Galvanised from Km 540 to Km 590 both sides of the first section ",null,"m",{"v":83,"d":" 83"}]
[]
[341,"54.03","Extra over items 54.01, 54.02 and 54.11 for horizontally curved guardrails factory bent to a radius less than 45m.",null,"m",{"v":20,"d":" 20"}]
[]
[342,"54.04","End treatments:"]
[]
[343,null,"(a) End wings",null,"No",{"v":5,"d":" 5"}]
[]
[344,"54.06","Reflective plates",null,"No",{"v":20,"d":" 20"}]
{"$rows_empty":44}
[null," Total Carried Forward To Summary"]
[null,"Tenderer's Initials........................................................"]
[null,"WINNIE MADIKIZELA MADELA MUNICIPALITY                                                            MIBIZLM 0055CON"]
[null,"UPGRADING TO GRAVELL OF 5.0KM OF SIXHENXENI ACCESS ROAD"]
[{"$nulls":6},"SECTION 5500"]
[null,"ITEM","DESCRIPTION",null,"UNIT","SCHED\nQTY","RATE","\nAMOUNT"]
[345,null,"FENCING"]
[]
[346,"55.01","Clearing the fence line 2 m wide strip",null,"km",0.5]
[]
[347,"55.02","Erect new fencing \n\nThe length of the fence in 500m long. You will use 4 rows of straining wire (one on top, one on the bottom and two in between). The spacing between the straining wire shall be 0.6m ",null,"Prov Sum",1]
{"$rows_empty":51}
[null," Total Carried Forward To Summary"]
[null,"Tenderer's Initials........................................................"]
[null,"WINNIE MADIKIZELA MADELA MUNICIPALITY                                                            MIBIZLM 0055CON"]
[null,"UPGRADING TO GRAVELL OF 5.0KM OF SIXHENXENI ACCESS ROAD"]
[{"$nulls":6},"SECTION 5600"]
[null,"ITEM","DESCRIPTION",null,"UNIT","SCHED\nQTY","RATE","\nAMOUNT"]
[306,"56.00","ROAD SIGNS"]
[]
[307,"56.01","(e) Aluminium sheet regulatory warning and information signs"]
[]
[308,null,"(1) Octagonal"]
[]
[309,null,"(iii) 600mm",null,"No",8]
[]
[310,null,"(2) Triangular"]
[]
[311,null,"(i)900mm",null,"No",8]
[]
[312,null,"(3) Round"]
[]
[313,null,"(ii) 600mm",null,"No",8]
[]
[314,"56.03","Road sign supports  (overhead road sign structures excluded):"]
[]
[315,null,"(b) Timber"]
[]
[316,null,"(2) 150 mm dia. treated poles",null,"m",30]
[]
[317,"56.05","Excavation and backfilling for road sign supports (not applicable to kilometre posts)",null,"m³",6]
[]
[318,"B56.10","Supply and install Road signs with treated poles (Size - 100/125mm diameter)"]
[]
[319,null,"(b) W401 (Length of pole - 2,4m)",null,"No",16]
[]
[320,null,"(c) W402 (Length of pole - 2,4m)",null,"No",16]
{"$rows_empty":29}
[null," Total Carried Forward To Summary"]
[null,"Tenderer's Initials........................................................"]
[null,"WINNIE MADIKIZELA MADELA MUNICIPALITY                                                            MIBIZLM 0055CON"]
[null,"UPGRADING TO GRAVELL OF 5.0KM OF SIXHENXENI ACCESS ROAD"]
[{"$nulls":6},"SECTION C "]
[null,"ITEM","DESCRIPTION",null,"UNIT","SCHED\nQTY","RATE","\nAMOUNT"]
[321,"C10.01","DAYWORKS"]
[]
[322,null,"a) Personnel"]
[]
[323,null,"     i) Foreman",null,"hr",25]
[]
[324,null,"     ii) Skilled labour",null,"hr",50]
[]
[325,null,"     iii) Unskilled labour",null,"hr",100]
[]
[326,null,"b) Plant "]
[]
[327,null,"      1) Pedestrian Vibratory Roller \n          0.5 ton",null,"per day",5]
[]
[328,null,"      2) TLB ( 4 x 4)",null,"hr",40]
{"$rows_empty":53}
[null," Total Carried Forward To Summary"]
[]
[null,"Tenderer's Initials........................................................"]
[null,"WINNIE MADIKIZELA MADELA MUNICIPALITY                                                            MIBIZLM 0055CON"]
[null,"UPGRADING TO GRAVELL OF 5.0KM OF SIXHENXENI ACCESS ROAD"]
[{"$nulls":6},"SECTION F"]
[null,"ITEM","DESCRIPTION","LI","UNIT","SCHED\nQTY","RATE","\nAMOUNT"]
[321,"F","REQUIREMENT OF THE EXPANDED PUBLIC WORKS PROGRAMME (EPWP)"]
[]
[322]
[]
[323,"F5.01","Provision of the training venue facility, including the cost of transporting the learners to and from this facility"]
[]
[324,null,null,"LI","Sum",1]
[]
[325," F5.02","Training of learners employed by the main contractor or by the Targeted Enterprise Subcontractors:"]
[]
[326]
[]
[327,null,"    (a) Generic Skilled "]
[]
[328,null,"(i)    Training costs",null,"Prov Sum",400000,1,400000]
[]
[null,null,"(ii) Handling costs and profitin respect of subitem F5.02(a)(i) above"]
[{"$nulls":4},"%",{"v":400000,"d":"400,000"}]
[]
[null,null,"      b) Entrepreneurial skills:"]
[]
[null,null,"(i)             Training costs",null,"Prov Sum",{"v":500000,"d":"500,000"},1,500000]
[null,null,"      "]
[null,null,"(i)Handling costs and profit in respect of subitem F5.02(b)(i) above"]
[{"$nulls":4},"%",{"v":500000,"d":"500,000"}]
[]
[null,null," (c ) Accredited construction related skills:"]
[]
[]
[null,null,"(i)Training costs",null,"Prov Sum",{"v":600000,"d":"600,000"},1,600000]
[]
[null,null,"(i)  Handling costs and profit in respect of subitem F5.02(c)(i) above"]
[{"$nulls":4},"%",{"v":600000,"d":"600,000"}]
[]
[null,null," (d) Transportation and accommodation costs of selected learners only, while receiving off-site training:"]
[]
[]
[]
[null,null,"(i)Transportation and accommodation cost"]
[{"$nulls":4},"Prov sum",{"v":250000,"d":"250,000"},1,250000]
[]
[null,null,"(ii)  Handling costs and profit in respect of subitem F5.02(c)(i) above"]
[{"$nulls":4},"%",{"v":250000,"d":"250,000"}]
{"$rows_empty":26}
[null," Total Carried Forward To Summary"]
[null,"Tenderer's Initials........................................................"]
[null,"WINNIE MADIKIZELA MADELA MUNICIPALITY                                                            MIBIZLM 0055CON"]
[null,"UPGRADING TO GRAVELL OF 5.0KM OF SIXHENXENI ACCESS ROAD"]
[{"$nulls":6},"SECTION F"]
[null,"ITEM","DESCRIPTION",null,"UNIT","SCHED\nQTY","RATE","\nAMOUNT"]
[321,"F5.03","Payments associated with the NYS programme only:"]
[]
[]
[322,null,"(a)    Employment of NYS workers",null,"Prov Sum",{"v":440000,"d":"440 000"},{"v":1,"d":"1.00"},440000]
[]
[323,null,"(b)    Provision of tools and apparel for the NYS workers",null,"Prov Sum",30000,1,30000]
[]
[324,null,"(c) Handling costs and profit respect of subitem F5.03(a) and (b) above",null,"%",470000]
[]
[]
[325,null,"( d ) Training of  NYS workers",null,null,100]
[]
[326,null,"(i) Provision of tools and apparel for the NYS workers"]
[{"$nulls":4},"Prov Sum",100000,1,100000]
[]
[327,null,"(ii) Handling costs and profit respect of subitem F5.03(d)(i) above",null,"%","100 00"]
[]
[328,null,"( e) Liaison with the Employer’s project manager and the training service provider: "]
[]
[]
[]
[null,null,"(i) Liaison conducted by the construction Manager "]
[{"$nulls":4},"h",150]
[]
[null,null,"(ii)  Liaison conducted by the senior site foreman. "]
[{"$nulls":4},"h",300]
{"$rows_empty":43}
[null," Total Carried Forward To Summary"]
[null,"Tenderer's Initials........................................................"]
[null,"WINNIE MADIKIZELA MADELA MUNICIPALITY                                                            MIBIZLM 0055CON"]
[null,"UPGRADING TO GRAVELL OF 5.0KM OF SIXHENXENI ACCESS ROAD"]
[]
[null,"SECTION","DESCRIPTION",null," "," "," ","\nAMOUNT"]
[null,"1300","CONTRACTOR'S ESTABLISHMENT ON SITE AND GENERAL OBLIGATIONS"]
[]
[null,"1400","HOUSING, OFFICES AND LABORATORY FOR THE ENGINEER'S SITE PERSONNEL"]
[]
[null,"1500","ACCOMODATION OF TRAFFIC"]
[]
[null,"1600","OVERHAUL"]
[]
[null,"1700","CLEARING AND GRUBBING"]
[]
[null,"2100","DRAINS"]
[]
[null,"2200","PREFABRICATED CULVERTS"]
[]
[null,"3100","BORROW MATERIALS"]
[]
[null,"3300","MASS EARTHWORKS"]
[]
[null,"3400","PAVEMENT LAYERS OF GRAVEL MATERIAL"]
[]
[null,"5200","GABIONS"]
[]
[null,"5400","GUARDRAILS"]
[]
[null,"5500","FENCING"]
[]
[null,"5600","ROAD SIGNS"]
[]
[null,"C10.01","SECTION C: DAYWORKS"]
[]
[null,"F","SECTION F: REQUIREMENT OF THE EXPANDED PUBLIC WORKS PROGRAMME (EPWP)"]
[]
[]
[]
[null,null,"Sub-total"]
[null,null,"Contingencies (10%)"]
[null,null,"VAT (15%)"]
{"$rows_empty":18}
[null," Total Carried Forward To Summary Of Schedules"]
[null,"Tenderer's Initials........................................................"]